| 000 | 02000nam a2200457 c 4500 | ||
|---|---|---|---|
| 003 | BLK | ||
| 005 | 20180420230450.0 | ||
| 008 | 180409b bul|||||r ||||||| ||bul|| | ||
| 010 | _aKNG00112407000 | ||
| 020 |
_a954-9615-49-9 _bиздат.: Софи-Р - (Немезида) |
||
| 040 | _aBLK | ||
| 041 |
_aBUL _cBUL |
||
| 080 |
_aСоциография. Социално положение. Условия на политическия и социалния живот. Социално и социално-икономическо положение на отделните страни, народи, раси. Социална география. (Общи въпроси) _b308 _x(72+728+729.1) _z308(72+728+729.1) |
||
| 100 | 1 |
_aКорнезов, Александър _eпърви автор _9310810 |
|
| 139 |
_aКорнезов, Александър _bК 85 |
||
| 245 | 1 | 0 |
_aЗадният двор на Америка _bЩрихи от Куба, Мексико, Коста Рика, Никарагуа, Хондурас и Ел Салвадор _cАлександър Корнезов. |
| 257 | _aBGR | ||
| 260 |
_аСофия _bСофи-Р _c2003 _fСофия : Унив. изд. Св. Кл. Охридски |
||
| 300 |
_a215 с. _bс к., 8 л. цв. ил. _c21 см |
||
| 380 | _a3 | ||
| 500 | _aИзд. на Немезида. - Офс. изд. | ||
| 650 | 4 |
_aЦентрална Америка _9290279 |
|
| 650 | 4 |
_aКуба _9272036 |
|
| 650 | 4 |
_aКоста Рика _9179072 |
|
| 650 | 4 |
_aМексико _9179210 |
|
| 650 | 4 |
_aНикарагуа _9164278 |
|
| 650 | 4 |
_aХондурас _9179746 |
|
| 650 | 4 |
_aСалвадор _9310811 |
|
| 653 | _aЦентрална Америка | ||
| 653 | _aКуба | ||
| 653 | _aМексико | ||
| 653 | _aКоста Рика | ||
| 653 | _aНикарагуа | ||
| 653 | _aХондурас | ||
| 653 | _aСалвадор | ||
| 852 | _aЦб 219028 | ||
| 856 | 4 |
_qpdf _u |
|
| 856 | 4 |
_qpdf _u |
|
| 942 |
_cKNG _n0 |
||
| 944 |
_aCR _c16.04.2004 _kЛюдмила_Стоянова |
||
| 944 |
_aED _c29.04.2004 _k |
||
| 999 |
_c107131 _d107131 |
||